000 00334nam a2200157Ia 4500
003 IT-RoPAU
008 120407s9999 xx 000 0 und d
040 _aIT-RoPAU
040 _cIT-RoPAU
100 _aAlexander Willwoll
245 _aAnima e spirito
260 _aEdizioni Paoline
300 _c cm
490 _v1
942 _cBK
999 _c3269
_d3269